Devinez la Capitale Mystère #111 - Statistiques

Statistiques générales
  • Ce quiz a été pris 129 fois
  • Le résultat moyen est 29 sur 32
Statistiques - réponses
Type de Réponse Réponse % Correct
Lettre Bien Placée A
100%
Lettre Trouvée A
100%
Lettre de l'Alphabet I
100%
Lettre Trouvée R
100%
Lettre de l'Alphabet S
100%
Lettre de l'Alphabet P
99%
Lettre de l'Alphabet E
98%
Lettre de l'Alphabet L
96%
Lettre de l'Alphabet N
96%
Lettre de l'Alphabet O
96%
Lettre de l'Alphabet B
95%
Lettre de l'Alphabet M
95%
Lettre de l'Alphabet T
95%
Lettre Bien Placée A
93%
Lettre Trouvée D
93%
Lettre de l'Alphabet C
92%
Lettre de l'Alphabet U
92%
Lettre de l'Alphabet G
88%
Lettre Bien Placée R
88%
Lettre de l'Alphabet H
87%
Lettre de l'Alphabet W
87%
Lettre Bien Placée D
86%
Lettre de l'Alphabet V
85%
Lettre Trouvée K
84%
Lettre de l'Alphabet X
82%
Lettre Bien Placée K
79%
Lettre de l'Alphabet Y
79%
Lettre de l'Alphabet F
78%
Capitale Mystère Dakar
77%
Lettre de l'Alphabet J
77%
Lettre de l'Alphabet Q
77%
Lettre de l'Alphabet Z
77%
Aucun quiz correspondant
Distribution des résultats
% des personnes avec chaque résultat
Percentile par nombre de réponses
Votre historique - résultats
Vous n’avez pas pris ce quiz